| 000 | 01013nam a2200253Ia 4500 | ||
|---|---|---|---|
| 001 | 186-POR se (17376) | ||
| 003 | IT-MiSPE | ||
| 008 | 171229s9999||||xx |||||||||||||| ||und|| | ||
| 040 |
_aIT-MiSPE _cIT-MiSPE |
||
| 041 | _aITALIANO | ||
| 100 | _aPorfirio | ||
| 240 | _aAphormai pros ta noeta | ||
| 245 | 0 | _aSentenze | |
| 250 | _a1a ed. (v) | ||
| 260 |
_aMilano _bGarzanti _c1992 |
||
| 300 |
_aXXXVIII, 196 p. _c18 cm |
||
| 490 |
_aGrandi libri _v411 |
||
| 501 | _aEdizioni San Paolo srl - Piazza Soncino, 5 - 20092 CINISELLO BALSAMO (MI) (non commercial uses only) ® Copyright 2018 | ||
| 520 | _aEd. bilingue | ||
| 700 | _aMassimo Della Rosa | ||
| 942 | _cBK | ||
| 957 | _71 | ||
| 999 |
_a3760 _bNO _g Copie: 1 _c337219 _d337219 |
||